Information Service in Libraries. (Record no. 382)

MARC details
000 -LEADER
fixed length control field 00369nam a22001217a 4500
005 - DATE AND TIME OF LATEST TRANSACTION
control field 20200812160210.0
008 - FIXED-LENGTH DATA ELEMENTS--GENERAL INFORMATION
fixed length control field 200812b ||||| |||| 00| 0 eng d
020 ## - INTERNATIONAL STANDARD BOOK NUMBER
International Standard Book Number 180505
040 ## - CATALOGING SOURCE
Transcribing agency CML
245 ## - TITLE STATEMENT
Title Information Service in Libraries.
Statement of responsibility, etc. Forskett, D.J.
260 ## - PUBLICATION, DISTRIBUTION, ETC.
Place of publication, distribution, etc. Great Britain.
Name of publisher, distributor, etc. Fletcher and Son Ltd
Date of publication, distribution, etc. 1958
942 ## - ADDED ENTRY ELEMENTS (KOHA)
Source of classification or shelving scheme Dewey Decimal Classification
Koha item type Books
Edition 1st Edition
Classification part 025
Call number suffix FOS
Holdings
Withdrawn status Lost status Source of classification or shelving scheme Damaged status Not for loan Collection code Home library Current library Shelving location Date acquired Total Checkouts Full call number Date last seen Copy number Price effective from Koha item type
    Dewey Decimal Classification     Generalities Chalimbana Main Library Chalimbana Main Library Generalities 08/12/2020   025.52 FOS 08/12/2020 1 08/12/2020 Books

Powered by Koha